000 003350000a22001090004500
090 _aAs
_bSeriadas
245 1 0 _aNotas a la flora de Colombia X
041 0 _aEspañol
100 1 _aCuatrecasas, José
_911935
942 _cARTICULO
773 1 _tRevista de la Academia Colombiana de Ciencias Exactas, Físicas y Naturales
_h29
_q33-64
_d1950
_g8
999 _c15677
_d15677